Chanson Rap français première phrase - Statistiques

Statistiques générales
  • Ce quiz a été pris 917 fois
  • Le résultat moyen est 10 sur 20
Statistiques - réponses
première phrase Titre % Correct
Oui, ma gâtée, RS4 gris Nardo Bande Organisée
80%
Posé j'suis sous Jack' dans mon bendo Réseaux
78%
On sèche les cours, la flemme marque le quotidien On verra
77%
Bats les couilles d'l'Himalaya Au DD
76%
Bientôt j'irai au ciel rejoindre Rimkus, le p'tit Lamine La vie qu'on mène
74%
Un peu d'amsterdam dans la bouche Mwaka Moon
74%
La go là c'est p'têtre une fille bien Tchoin
74%
Dans la zone, on vent la drogue, ça fait TP, ca crie "akha" Petrouchka
64%
Qu'est ce que c'est trop bon la vie d'artiste R.R 9.1
64%
J'arrive en 4-4-2, dans un 4*4 noir Emotif
61%
Quand sera t'il de tous ces je t'aime que tu m'chuchotais Habitué
56%
J'ai passé toute la night à compter mon oseille Fade up
54%
Tu crois que je t'évite alors que j'maille Die
50%
C'est pas le quartier qui me quitte, c'est moi j'quitte le quartier DKR
49%
Mon ressenti ne change pas, ça m'inquiète, j'ai d'l'amour mais y'a la haine qui empiète Intro
30%
J'regarde les hommes se faire du sale, se faire du sale, se baratiner Bitch
19%
J'm'en fous d'être ton boyfriend J'respecte R
19%
J'essaye d'écrire de grandes choses mais j'ai plus les mots Chop
18%
J'regarde les deux premiers Rambo je r'garde pas le trois Pistolet Rose
11%
Bébé j'fais des sous, j'rentre tard, c'est léger, j'suis pas trop fétard Balader
10%
Aucun quiz correspondant
Distribution des résultats
% des personnes avec chaque résultat
Percentile par nombre de réponses
Votre historique - résultats
Vous n’avez pas pris ce quiz